000 05358nam a2200481Ia 4500
001 dia_5211
003 CHAP
005 20240920131326.0
007 ta
008 220117s2012 mx ad fsm 001 0 spa d
010 _a176102
040 _cCHAP
_amxchpua
_erda
041 0 _aspa
_beng
090 _aTesis
_bT67
_c2012
100 1 _aTorres Rodríguez, Araceli
240 1 0 _aPhenolics compound and enzymatic activity in fruits of mamey zapote (Pouteria sapota) with different states of maturity.
_lEspañol
245 1 0 _aCompuestos fenólicos y actividad enzimática en frutos de zapote mamey (Pouteria sapota) con diferentes estados de madurez /
_cAraceli Torres Rodríguez
264 _aChapingo, México :
_bEl autor,
_c2012
300 _axiii, 92 hojas :
_bilustraciones, gráficas, diagramas, tablas +
_e1 CD-ROM
336 _2rdacontent
_atexto
_btxt
337 _2rdamedia
_ano mediado
_bn
338 _2rdacarrier
_avolumen
_bnc
500 _aEl CD contiene artículo, resumen y reporte
502 _aTesis
_b(Maestro en Ciencias en Ciencia y Tecnología Agroalimentaria) --
_cUACh. Departamento de Ingeniería Agroindustrial,
_d2012
504 _aIncluye bibliografías
520 3 _aEl fruto de Pouteria sapota tiende a presentar oscurecimiento enzimático durante su madurez comercial. Esto se debe a la acción de las enzimas polifenol oxidasa (PPO) y peroxidasa (POD) sobre los fenoles del fruto. Con el fin de contribuir al conocimiento sobre las cambios que sufren los fenoles solubles totales (FST) del fruto de zapote mamey durante su proceso de maduración y su relación con las enzimas responsables del oscurecimiento, se realizó el presente trabajo, cuyos objetivos fueron:1) caracterizar el proceso de maduración mediante variables físicas y tasa respiratoria 2), analizar los FST durante el proceso de maduración y 3). Monitorear la actividad de las enzimas PPO y POD durante la maduración del fruto. Dentro de las variables físicas la firmeza es la que mejor describe el proceso de maduración con valores de 50 a 5 N. La concentración de FST determinado por el método Folin-Ciocalteau disminuyo de 19777.7 a 2012.6 mg g1de MF. Sin embargo, este método no es especifico para fenólicos por lo cual se determino con los métodos de Vainillina y DMAC con valores de 7552.2 a 1862.7 mg g1de MF y de 2393.3 a 221.0 mg g1de MF, respectivamente. La fracción de fenoles de baja polaridad se analizo por HPLC en frutos maduros encontrando ácido gálico, catequina, epicatequina, epicatequingalato y el pico 6 que fue tentativamente identificado como un dímero de catequina y se encontró la presencia de derivados de miricetina. La actividad enzimática de las enzimas PPO y POD aumento al llegar a madurez de consumo con valores de 182.28 UI y 6288 UI, respectivamente. Por esta razón el oscurecimiento de la pulpa de la fruta está relacionado al incremento de las enzimas y la disminución de fenoles.
520 3 _aThe fruit of Pouteria sapota tends to present enzymatic browning during their commercial maturity. Dueto the action of the enzymes polyphenol oxidase (PPO) and peroxidase (POD) on the phenols of the fruit. The following work was carried out with the porpuse of contributing to the knowledge about the changes that suffer the total soluble phenols (FST) of the fruit of mamey sapota during their maturation process and their relationship with the enzymes responsible for the browning. The objective were:1) to characterize the maturation process by means of physical variables and breathing rate 2), to analyze the FST during the maturation process and 3). Monitor the enzymes PPO and peroxidase POD activity during the maturation of the fruit. Inside the physical variables stability is the one that better describes the maturation process with values from 50 to 5 N. The concentration of FST determined by the method Folin-Ciocalteau diminishes from 19777.7 to 2012.6 mg g -1 of MF however, this method is not specific for phenolics that is why it was determined with Vanillin and DMAC methods with values from 7552.2 to 1862.7 mg g -1 of MF and of 2393.3 to 221.0 mg g-1 de MF, respectively. The fraction of phenols of low polarity was analyzed by HPLC in mature fruits finding gallic acid, catechin, epicatechin, epicatechingallato and the pick 6 that it was identified tentatively as a dimer catechin also it was found as a derived of myricetin. The enzymatic activity of the enzymes PPO and POD increased when arriving to consumption maturity with values of 61.6 to 182.28 UI and 929.6 to 6288 UI. For that reason it has been considered that the browning of the pulp of the fruit is related to the increment of the enzymes and the phenols decrease.
650 1 3 _aFenoles
_2atg
650 1 3 _aMamey
_2atg
650 1 3 _aSapotaceas
_2atg
650 1 2 _aPouteria sapota
_xMaduración
_2atg
650 1 3 _aPhenols
_2atg
650 1 3 _aPouteria sapota
_xRipening
_2atg
700 1 _aSalinas Moreno, Yolanda
_edirectora
700 1 _aValle Guadarrama, Salvador
_edirector
700 1 _aAlia Tejacal, Irán
_easesor
856 4 1 _uhttp://10.13.5.2/tesis/sist108714.pdf
_yDESCARGAR PDF
901 _aTESIS T67 2012
902 _aM
905 _a5232272012 mx amnl8222223322spa16
942 _cTESIS
_2Clasificación Universidad Autónoma Chapingo
999 _c176102
_d176102